000 00683nam a2200265Ia 4500
005 20260121165913.0
008 008 260114s9999 xx 000 0 eng d
020 _a9783319424323
037 _aEBOOK
040 _aCRL
040 _beng
040 _cCRL
041 _2eng
041 _aeng
084 _qCRL
100 _aGert-Martin Greuel, Thorsten Koch, Peter Paule, Andrew Sommese
_91057451
245 0 _aMathematical Software – ICMS 2016
260 _bSpringer
260 _bSpringer
260 _c2016
856 _uhttps://link.springer.com/openurl?genre=book&isbn=978-3-319-42432-3
942 _cEBOOK
999 _c1623180
_d1623180